000 00593nmm a2200193Ia 4500
008 251105s9999||||xx |||||||||||||||||und||
020 _a9788433970794
041 _aspa
100 _aZulaika Goicoechea, Jesús
245 0 _aNunca me abandones
264 _a[Madrid, España] :
_bEditorial Anagrama,
_c[Fecha de publicación no identificada]
300 _a0 páginas
490 _aPanorama de narrativas
650 _aEnglish Narrative
700 _aZulaika Goicoechea, Jesús
700 1 _a Ishiguro, Kazuo
856 _uhttps://public.digitaliapublishing.com/a/80167
942 _cCF
999 _c72826
_d72826